000 01423nam a22003857a 4500
003 CHAP
005 20220329142157.0
008 000131d1999 mx r 00110 spa d
010 _a79609
011 _a80581
035 _a91032
040 _cCHAP
090 _aTesis
100 0 0 _aOcaña Gómez, Fredy.
_982622
245 1 0 _aEfecto de la combinación del tratamiento químico y biológico a la paja de trigo en el comportamiento productivo de cabras en crecimiento
_c/por Fredy Ocaña Gómez
260 _aChapingo, Méx. :
_bEl autor,
_c1999.
300 _a52 h. :
_bgráfs.
502 _aTesis (Ing. Agr. Esp. en Zootecnia) -- UACH. Departamento de Zootecnia
590 _aALEPH
_b10
_c20130110
_lUCH01
_h1432
590 _aBATCH-UPD
_b10
_c20130110
_lUCH01
_h0704
590 _aBATCH-UPD
_b10
_c20130410
_lUCH01
_h0349
590 _aBATCH-UPD
_b10
_c20130914
_lUCH01
_h1508
590 _aCONVERSION
_b10
_c20130109
_lUCH01
_h1344
650 1 4 _aGanado cabrío
_xAlimentación.
_944990
650 1 4 _aGanado cabrío
_xPeso.
_945037
650 1 4 _aPaja de Trigo.
_984778
650 1 4 _aPleurotus ostreatus.
_989176
650 1 4 _aUrea en alimentación animal.
_9116890
901 _aBK
905 _aMayto Villalobos S.
942 _cFOLL
949 _bBC
_cTES
_d33724000741492
_eTS2
_fc.2
_h34710
_i91032
_sb
949 _bBC
_cTES
_d33724000767877
_eTS2
_fc.3
_h35465
_i91032
_sb
949 _bBC
_cTES
_d910321
_eTS1
_h34709
_i91032
_sb
999 _c79609
_d79609